000 00268nam a2200109Ia 4500
008 190216s9999||||xx |||||||||||||| ||und||
100 _a"Gordon E, Natarajan"
245 0 _aCapital Market In India
260 _bMacmillan India Ltd
_c1999
300 _a242p
942 _cBK
999 _c5969
_d5969